000 00603nam a2200229Ia 4500
003 OSt
005 20221005132737.0
006 a|||||r|||| 00| 0
007 ta
008 221004b |||||||| |||| 00| 0 mal d
024 _a57101
037 _cTextual
040 _aCRL
_cCRL
_bmal
041 _2mal
_amal
082 _aO32,3N15:g, M3
100 _aIrumpayam George
_9641559
245 0 _aUroob
_b vyakthiyum saahithyakaaranum
260 _c1983
650 _aMALAYALAM FICTION
_9183428
942 _hO32,3N15:g, M3
_cTEXL
_2cc
999 _c1064651
_d1064651